Campeones del mundo de F1 - Estadísticas

Estadísticas generales
  • Esta prueba ha sido intentada 143 veces
    37 desde el último reinicio
  • La puntuación promedio es 22 de 35
Estadísticas de respuestas
Hint Respuesta % Correcto
7 Lewis Hamilton
100%
4 Max Verstappen
100%
3 Ayrton Senna
97%
2 Fernando Alonso
93%
4 Sebastian Vettel
93%
7 Michael Schumacher
90%
5 Juan Manuel Fangio
83%
1 Kimi Räikkönen
83%
1 Lando Norris
80%
1 Nico Rosberg
80%
4 Alain Prost
77%
1 Keke Rosberg
77%
3 Niki Lauda
77%
1 Jenson Button
67%
2 Emerson Fitipaldi
60%
1 Jacques Villeneuve
60%
2 Alberto Ascari
57%
1 Damon HIll
57%
1 Giuseppe Farina
57%
2 Graham Hill
57%
3 Nelson Piquet
57%
1 Phil Hill
57%
2 Mika Häkkinen
53%
1 Nigel Mansell
53%
3 Jack Brabham
50%
3 Jackie Stewart
50%
2 Jim Clark
50%
1 James Hunt
47%
1 Mario Andretti
47%
1 Jochen Rindt
37%
1 Alan Jones
33%
1 Denny Hulme
33%
1 Jody Scheckter
33%
1 John Surtees
33%
1 Mike Hawthorn
33%
No se encontraron pruebas coincidentes
Distribución de puntuación
Porcentaje de gente con cada puntuación
Porcentaje por número respondido
Historial de tus puntuaciones
No has intentado esta prueba desde el último reinicio